Statistics for Anime by Antagonist

Click here to take the quiz!

General Stats

  • This quiz has been taken 1,071 times
    (1,067 since last reset)
  • The average score is 10 of 23

Answer Stats

HintAnswer% Correct
OrochimaruNaruto
94%
Marshall D. Teach, Donquixote Doflamingo, Big MomOne Piece
86%
Cell, Frieza, BeerusDragonball Z
81%
Annie Leonhart, Bertolt HooverAttack on Titan
77%
Hisoka Morow, Meruem, NeferpitouHunterxHunter
76%
Gin Ichimaru, Grimmjow Jaegerjaquez, Sosuke AizenBleach
74%
Father/The Dwarf in the Flask/HomunculusFullmetal Alchemist
67%
Korosensei (antihero), Shiro/Kotarō Yanagisawa, Akira Takaoka,Assassination Classroom
54%
Lord Boros, Sea King, CrabranteOne Punch Man
53%
Hades, Future Rogue Cheney, Jellal Fernandes, Laxus Dreyar,Fairy Tail
46%
Griffith, God hand, Emperor GanishkaBerserk
42%
Juuzou Suzuya, Eto Yoshimura, Ayato KirishimaTokyo Ghoul
40%
Gilgamesh, Shinji Matō, Medea/Caster, Illyasviel von EinzbernFate/Stay Night: Unlimited Bladeworks
37%
Kayaba Akihiko, Sugou Nobuyuki, Death Gun/Shinkawa Kyouji and ShouichiSword Art Online
36%
Spiral King, The Anti-SpiralGurren Lagann
24%
Asura/KishinSoul Eater
21%
Shiro/The Wretched Egg/The Red Man, Hagire RinichirōDeadman Wonderland
15%
Nui Harime, Ragyō Kiryūin, Satsuki KiryūinKill la Kill
14%
Sibyl System, Shogo Makishima, Akira KitazawaPsycho-Pass
14%
Maria Murdock, Wen, Abdul Hakim, ViciousCowboy Bebop
13%
Roberta/Rosarita Cisneros, ChakaBlack Lagoon
6%
Biba Amatori, The KabaneKabaneri of the Iron Fortress
6%
Masashi Miyamoto, Masahito Date, Gemu ShusaishaBtooom!
1%

Score Distribution

Percentile by Number Answered

Percent of People with Each Score

Your Score History

You have not taken this quiz since the last reset